Detalles MARC
| 000 -ENCABEZADO |
| Número de control [NR] |
03632nam a22003137a 4500 |
| 005 - FECHA Y HORA DE LA ÚLTIMA TRANSACCIÓN |
| control field |
20150527105152.0 |
| 008 - DE LONGITUD FIJA DE DATOS DE ELEMENTOS - INFORMACIÓN GENERAL |
| Elementos de longitud fija [NR] |
130419s1843 fr a fr|||||001|0|spa|d |
| 040 ## - FUENTE DE CATALOGACION [NR] |
| Agencia de catalogación original [NR] |
Co-BoUCM |
| Idioma de catalogación [NR] |
spa |
| Quien Cataloga |
Sandra Yazo (modificó) |
| Quien Clasifica |
Sandra Yazo (modificó) |
| 041 1# - CODIGO DE IDIOMA [R] |
| Código de idioma para texto/pista de sonido o título separado [R] |
Español |
| Language code of original and/or intermediate translations of text |
Francés |
| 082 04 - NUMERO DE CLASIFICACION DECIMAL DEWEY [R] |
| Número de clasificación [R] |
530.2 |
| Número de la edición [NR] |
20 |
| 092 ## - SIGNATURA TOPOGRAFICA LOCAL |
| Número de clasificación local |
E01N050 |
| 100 1# - ASIENTO PRINCIPAL--NOMBRE PERSONAL [NR] |
| Nombre personal [NR] |
Despretz, C. |
| Forma más completa del nombre [NR] |
(César) |
| Fechas asociadas con el nombre [NR] |
1789-1863 |
| ID Autoridad |
36315 |
| 245 10 - MENCION DE TITULO [NR] |
| Título [NR] |
Tratado elemental de física |
| Mención de responsabilidad, etc. [NR] |
Escrito en francés por M. Despretz ; traducido al castellano y notablemente aumentado con los descubrimientos de Arago ; Gay-Lussac ; Regnault ; Pouillet ; Lamé ; Person, etc. por D. L. de la Escosura. |
| 260 ## - PUBLICACION, DISTRIBUCION, ETC. (PIE DE IMPRENTA) [R] |
| Lugar de publicación, distribución, etc. [R] |
París (Francia) |
| Nombre del editor, distribuidor, etc. [R] |
Librería de la Rosa |
| Fecha de publicación, distribución, etc. [R] |
1843 |
| 300 ## - DESCRIPCION FISICA [R] |
| Extensión [R] |
4 volúmenes (381 páginas, 5 hojas plegadas ; 362 páginas, 5 hojas plegadas ; 361 páginas, 3 hojas plegadas ; 333 páginas, 3 hojas plegadas) |
| Otros detalles físicos [NR] |
ilustraciones |
| Dimensiones [R] |
22 x 14 cm. |
| 500 ## - NOTA GENERAL [R] |
| Nota general [NR] |
Detalles físicos: Encuadernación rígida en cartón forrado en cuero. Tapas con recuadros en dorado, con raspaduras, esquinas dobladas y residuos de cinta pegante. Guardas en papel de agua. Portada impresa en una tinta. Texto en una columna. Notas de pie de página. Fórmulas y tablas entre el texto. Grabados al final de cada volumen. Cortes pintados. Copia 3 encuaderna dos tomos en un volumen |
| 505 2# - NOTA DE CONTENIDO CON FORMATO PREESTABLECIDO [R] |
| Nota de contenido con formato preestablecido [NR] |
V.1: Advertencia ; Prólogo ; Pesos y medidas franceses y españoles ; La materia ; Leyes del movimiento y la caída de los cuerpos ; Los cuerpos ; El equilibrio de fuerzas ; Máquinas simples: palanca, plano inclinado, rosca, polea, torno ; Los fluidos ; Movimiento de los gases ; Gasómetros ; Compresión de los líquidos ; Instrumentos: Tornillo micrométrico ; esferómetro ; Calor ; Construcción del termómetro ; Termómetro de aire, diferencial, de máxima y mínima -- V.2: Higrometría ; Higrómetro de Saussure ; Densidad ; Atmósfera ; Barómetro: De cubeta y de sifón ; Máquinas de vapor: Máquina de Watt y máquina de Woolf ; Máquinas de alta presión ; Electricidad: Nociones, hipótesis, leyes ; Pérdidas de electricidad ; Conductores ; Apéndice: La pila, Polaridad eléctrica -- V.3: Magnetismo: Leyes ; Métodos para imantar los cuerpos ; Pérdidas del magnetismo ; Distribución del magnetismo ; Ecuador magnético, Intensión de la acción magnética del globo ; Acción recíproca entre los imanes y otros cuerpos ; Acústica: Velocidad del sonido ; Propagación y reflexión del sonido ; Vibraciones de los cuerpos sólidos y líquidos ; Sonidos armónicos ; Afinación ; Vibraciones longitudinales de las cuerdas ; Meteorología: Las nubes ; Suspensión de las nubes en la atmósfera ; Lluvia, nieve, nieblas y sereno, escarcha ; Aerolitos ; Vientos ; Temperatura de diversos climas ; Líneas isotérmicas, Temperatura de los dos hemisferios -- V.4: Óptica: La luz: Propiedades, reflexión ; Espejos y aplicaciones ; Refracción y aplicación ; Lentes ; Apéndice |
| 506 ## - NOTA DE RESTRICCIONES DE ACCESO [R] |
| Condiciones de acceso [NR] |
Consulta en sala |
| 650 #7 - ASIENTO SECUNDARIO DE MATERIA - TERMINO TEMATICO [R] |
| Término temático o nombre geográfico como elemento de entrada [NR] |
Física |
| 9 (RLIN) |
15907 |
| 650 #7 - ASIENTO SECUNDARIO DE MATERIA - TERMINO TEMATICO [R] |
| Término temático o nombre geográfico como elemento de entrada [NR] |
Electricidad |
| 9 (RLIN) |
13958 |
| 650 #7 - ASIENTO SECUNDARIO DE MATERIA - TERMINO TEMATICO [R] |
| Término temático o nombre geográfico como elemento de entrada [NR] |
Óptica física |
| 9 (RLIN) |
20781 |
| 650 #7 - ASIENTO SECUNDARIO DE MATERIA - TERMINO TEMATICO [R] |
| Término temático o nombre geográfico como elemento de entrada [NR] |
Acústica |
| 9 (RLIN) |
39695 |
| 690 ## - ASUNTO AGREGADO LOCAL DE ENTRADA - TÉRMINO TEMÁTICO (OCLC, RLIN) |
| Acceso temático local |
Ciencias naturales |
| 700 1# - ASIENTO SECUNDARIO - NOMBRE PERSONAL [R] |
| Nombre personal [NR] |
Escosura, J. de la |
| 9 (RLIN) |
36316 |
| Término de relación [R] |
traductor |
| 856 4# - LOCALIZACION Y ACCESO ELECTRONICOS [R] |
| Nota dirigida al público [R] |
Disponible en línea V.2 |
| Identificador Uniforme del Recurso (“URI”) [R] |
<a href="http://books.google.com.co/books?id=1HqmcNVn2TkC&printsec=frontcover&source=gbs_v2_summary_r&cad=0">http://books.google.com.co/books?id=1HqmcNVn2TkC&printsec=frontcover&source=gbs_v2_summary_r&cad=0</a> |
| 856 4# - LOCALIZACION Y ACCESO ELECTRONICOS [R] |
| Nota dirigida al público [R] |
Disponible en línea V.3 |
| Identificador Uniforme del Recurso (“URI”) [R] |
<a href="http://books.google.com.co/books?id=hhInu7wZ0K0C&printsec=frontcover&source=gbs_v2_summary_r&cad=0">http://books.google.com.co/books?id=hhInu7wZ0K0C&printsec=frontcover&source=gbs_v2_summary_r&cad=0</a> |
| 856 4# - LOCALIZACION Y ACCESO ELECTRONICOS [R] |
| Nota dirigida al público [R] |
Disponible en línea V.4 |
| Identificador Uniforme del Recurso (“URI”) [R] |
<a href="http://books.google.com.co/books?id=utpn4GN63hIC&printsec=frontcover&source=gbs_v2_summary_r&cad=0">http://books.google.com.co/books?id=utpn4GN63hIC&printsec=frontcover&source=gbs_v2_summary_r&cad=0</a> |
| 942 ## - ELEMENTOS DE ENTRADA AGREGADOS (KOHA) |
| Tipo de ítem principal el descrito en 300a |
Libro |
| Edición |
1 |
| Tema principal |
25 |
| Sistema de clasificación |
LOCAL |
| Clasificación |
E01N050 |